ARRUPE JESUIT UNIVERSITY

CORONAVIRUS -STOP THE SPREAD - CLEAN,DISINFECT,COVER

The New Nietzsche : (Record no. 124184)

MARC details
000 -LEADER
fixed length control field 00846cam a2200265 i 4500
001 - CONTROL NUMBER
control field 2251234
003 - CONTROL NUMBER IDENTIFIER
control field ARRUPE
005 - DATE AND TIME OF LATEST TRANSACTION
control field 20160216115042.0
008 - FIXED-LENGTH DATA ELEMENTS--GENERAL INFORMATION
fixed length control field 770921s1977 nyu b 001 0 eng
010 ## - LIBRARY OF CONGRESS CONTROL NUMBER
LC control number 77152791
020 ## - INTERNATIONAL STANDARD BOOK NUMBER
International Standard Book Number 044055876X :
Terms of availability $3.95
040 ## - CATALOGING SOURCE
Original cataloging agency DLC
Transcribing agency DLC
Modifying agency DLC
050 00 - LIBRARY OF CONGRESS CALL NUMBER
Classification number B3317
Item number .N44 1977
082 00 - DEWEY DECIMAL CLASSIFICATION NUMBER
Classification number 193
300 ## - PHYSICAL DESCRIPTION
Dimensions 21 cm.
245 04 - TITLE STATEMENT
Title The New Nietzsche :
Remainder of title contemporary styles of interpretation /
Statement of responsibility, etc edited and introduced by David B. Allison.
260 ## - PUBLICATION, DISTRIBUTION, ETC. (IMPRINT)
Place of publication, distribution, etc New York :
Name of publisher, distributor, etc Dell Pub. Co.,
Date of publication, distribution, etc 1977.
300 ## - PHYSICAL DESCRIPTION
Extent xxviii, 274 p. ;
490 0# - SERIES STATEMENT
Series statement A Delta original
500 ## - GENERAL NOTE
General note Includes index.
504 ## - BIBLIOGRAPHY, ETC. NOTE
Bibliography, etc Bibliography: p. [263]-264.
600 10 - SUBJECT ADDED ENTRY--PERSONAL NAME
Personal name Nietzsche, Friedrich Wilhelm,
Dates associated with a name 1844-1900.
9 (RLIN) 22316
700 1# - ADDED ENTRY--PERSONAL NAME
Personal name Allison, David B.
9 (RLIN) 22317
Relator term ed.
906 ## - LOCAL DATA ELEMENT F, LDF (RLIN)
a 7
b cbc
c orignew
d 3
e ncip
f 19
g y-gencatlg
942 ## - ADDED ENTRY ELEMENTS (KOHA)
Source of classification or shelving scheme Library of Congress Classification
Koha item type Monograph ( Printed materials)
Holdings
Withdrawn status Lost status Source of classification or shelving scheme Damaged status Not for loan Collection code Home library Current library Shelving location Date acquired Total Checkouts Full call number Barcode Date last seen Date checked out Price effective from Koha item type
    Library of Congress Classification     Main Collection ARRUPE LIBRARY ARRUPE LIBRARY Main Collection 15/02/2016 1 B3317.N44 1977 46500006701 10/05/2024 19/09/2023 15/02/2016 Monograph ( Printed materials)

 

Arrupe Library. PO Box MP320 Mt Pleasant, Harare, Zimbabwe
263 242 745411|librarian@aju.ac.zw